〈崩壊:スターレイル〉キャラクターの名前クイズ - Statistics

General Stats
  • This quiz has been taken 252 times
    165 since last reset
  • The average score is 59 of 76
Answer Stats
所属・地域 名前 % Correct
星穹列車 開拓者(星/穹)
95%
星穹列車 丹恒
94%
星穹列車 姫子
93%
星穹列車 三月なのか
93%
星穹列車 三月なのか -巡狩
93%
星穹列車 ヴェルト
92%
星核ハンター 銀狼
92%
星核ハンター カフカ
92%
宇宙ステーション「ヘルタ」 ヘルタ
91%
星核ハンター
90%
星核ハンター ホタル
89%
宇宙ステーション「ヘルタ」 アスター
85%
天才クラブ マダム・ヘルタ
85%
ベロブルグ ブローニャ
85%
Fate セイバー
84%
仙舟「羅浮」 景元
83%
スターピースカンパニー アベンチュリン
83%
自滅者 黄泉
83%
博識学会 Dr. レイシオ
82%
宇宙ステーション「ヘルタ」 アーラン
81%
天才クラブ ルアン・メェイ
81%
ベロブルグ ゼーレ
81%
スターピースカンパニー トパーズ&カブ
81%
ピノコニー サンデー
81%
オンパロス アグライア
81%
オンパロス キャストリス
81%
ベロブルグ ジェパード
80%
オンパロス トリビー
80%
オンパロス アナイクス
80%
オンパロス ヒアンシー
80%
オンパロス ファイノン
80%
オンパロス 長夜月
80%
Fate アーチャー
80%
仮面の愚者 サンポ
79%
ピノコニー ロビン
79%
ベロブルグ ペラ
78%
仮面の愚者 花火
78%
ベロブルグ クラーラ
77%
仙舟「羅浮」 符玄
77%
純美の騎士団 アルジェンティ
77%
巡海レンジャー ブートヒル
77%
オンパロス モーディス
77%
オンパロス サフェル
77%
仙舟「羅浮」 白露
76%
仙舟「羅浮」 停雲
76%
仙舟「羅浮」 羅刹
76%
仙舟「羅浮」 丹恒・飲月
76%
スターピースカンパニー ジェイド
76%
オンパロス セイレンス
76%
オンパロス ケリュドラ
76%
ベロブルグ フック
75%
ベロブルグ セーバル
75%
仙舟「羅浮」 彦卿
75%
ベロブルグ ナターシャ
74%
仙舟「曜青」 飛霄
74%
オンパロス キュレネ
74%
巡海レンジャー 乱破
72%
仙舟「羅浮」 フォフォ
71%
ピノコニー ミーシャ
71%
ピノコニー ギャラガー
71%
ガーデンオブリコレクション ブラックスワン
71%
オンパロス 丹恒・騰荒
71%
ベロブルグ ルカ
69%
ベロブルグ リンクス
69%
仙舟「羅浮」 鏡流
69%
仙舟「曜青」 モゼ
69%
仙舟「羅浮」 青雀
68%
仙舟「羅浮」 霊砂
68%
仙舟「朱明」 雲璃
68%
仙舟「羅浮」 桂乃芬
67%
仙舟「曜青」 椒丘
67%
仙舟「羅浮」 御空
66%
仙舟「羅浮」 帰忘の流離人
65%
仙舟「羅浮」 寒鴉
62%
仙舟「羅浮」 素裳
60%
仙舟「羅浮」 雪衣
59%
No matching quizzes found
Score Distribution
Percent of People with Each Score
Percentile by Number Answered
Your Score History
You have not taken this quiz since the last reset